000 01368cam a2200361 a 4500
001 EDZ0000117426
003 StDuBDS
005 20161031105218.0
006 m||||||||d||||||||
007 cr |||||||||||
008 130111s2004 enka fo| 000|0|eng d
020 _a9781446263631 (ebook) :
_cNo price
040 _aStDuBDS
_beng
_cStDuBDS
_epn
049 _aAlfaisal Main Library
050 0 _aB3199.A34
_bT47 2004
082 0 4 _a193
_223
245 0 0 _aTheodor W. Adorno
_h[electronic resource] /
_cedited by Gerard Delanty.
260 _aLondon :
_bSAGE,
_c2004.
300 _a1 online resource (4 v.) :
_bill.
490 1 _aSAGE masters of modern social thought
520 8 _aTheodor Adorno was one of the towering intellectuals of the 20th century. This collection distills the best from published assessments & responses to Adorno's oeuvre.
521 _aSpecialized.
588 _aDescription based on print version record.
504 _aIncludes bibliographical references.
600 1 0 _aAdorno, Theodor W.,
_d1903-1969.
655 7 _aElectronic books.
_2local
700 1 _aDelanty, Gerard.
710 2 _aSage eBooks
776 0 8 _iPrint version :
_z9780761943648
830 0 _aSAGE masters of modern social thought.
856 4 0 _uhttp://ezproxy.alfaisal.edu/login?url=http://sk.sagepub.com/navigator/theodor-w-adorno
942 _2lcc
_cEBOOKS
999 _c481822
_d481822